000 00448nam a2200181Ia 4500
001 22908
003 GE_BSU
008 181216s||||||||xx |||||||||||||| ||und||
040 _cGE_BSU
245 _aLe Point, 16 Aout. # 2398. 2018
245 _bNumber 9105 Volume 428
260 _aParis
260 _c2018
300 _a106p. 30cm. ill.
653 _aLe Point, 16 Aout. # 2398. 2018
653 _aპერიოდიკა
942 _cCR
999 _c55811
_d55811